| 000 | nam a22 a 4500 | ||
|---|---|---|---|
| 999 |
_c3340 _d3340 |
||
| 005 | 20170522120210.0 | ||
| 008 | 170522b1989 ilu||||| |||| 00| 0 eng d | ||
| 020 | _a0256073430 | ||
| 040 | _aAKMAL | ||
| 082 | _a658.4012 PEA | ||
| 090 |
_a658.4012 _bPEA |
||
| 100 |
_aPearce, John A. _96721 |
||
| 245 |
_aAn industry approach to cases in strategic management / _cJohn A. Pearce II, Richard B. Robinson, Jr., Shaker A. Zahra. |
||
| 260 |
_aHomewood, IL _bIrwin _c1989. |
||
| 300 |
_axii, 691 p. _bill _c24cm |
||
| 500 | _aIncludes index. | ||
| 504 | _aBibliography: p. 638. | ||
| 650 |
_aStrategic planning _xCase studies. _96680 |
||
| 700 |
_aRobinson, Richard B. _d1947- _q(Richard Braden) _96776 |
||
| 700 |
_aZahra, Shaker A. _96777 |
||
| 942 |
_2ddc _cBOOK |
||